FISCAL POLICY AFTER THE FINANCIAL CRISIS (Record no. 22967)
[ view plain ]
| 000 -LEADER | |
|---|---|
| fixed length control field | 00370nam a2200133Ia 4500 |
| 008 - FIXED-LENGTH DATA ELEMENTS--GENERAL INFORMATION | |
| fixed length control field | 240624s9999 xx 000 0 und d |
| 041 ## - LANGUAGE CODE | |
| Language code of text/sound track or separate title | eng |
| 082 ## - DEWEY DECIMAL CLASSIFICATION NUMBER | |
| Classification number | 332 ALE |
| 100 ## - MAIN ENTRY--PERSONAL NAME | |
| Personal name | ALESINA ALBERTO |
| 245 ## - TITLE STATEMENT | |
| Title | FISCAL POLICY AFTER THE FINANCIAL CRISIS |
| 260 ## - PUBLICATION, DISTRIBUTION, ETC. | |
| Date of publication, distribution, etc. | 2013 |
| Place of publication, distribution, etc. | London |
| Name of publisher, distributor, etc. | The University of Chicago Press |
| 300 ## - PHYSICAL DESCRIPTION | |
| Extent | ix, : 585 : p.: : 23 : cm : . |
| 365 ## - TRADE PRICE | |
| Currency code | |
| Price amount | 26 |
| Withdrawn status | Lost status | Damaged status | Not for loan | Home library | Current library | Shelving location | Date acquired | Source of acquisition | Cost, normal purchase price | Full call number | Barcode | Date last seen | Copy number | Price effective from | Koha item type |
|---|---|---|---|---|---|---|---|---|---|---|---|---|---|---|---|
| IMTN | IMTN | Rack 9-A | 09/24/2014 | IBH | 110.00 | 332 ALE | 22967 | 06/24/2024 | 64.2 | 06/24/2024 | Books |